Normal view
MARC view
- Howard, Keith مؤلف/Sharp, John A م.مشارك
Entry Personal Name
001 - CONTROL NUMBER
- control field: 3309
003 - CONTROL NUMBER IDENTIFIER
- control field: JO-AjAnu
005 - DATE AND TIME OF LATEST TRANSACTION
- control field: 20230606070839.0
008 - FIXED-LENGTH DATA ELEMENTS
- fixed length control field: 230606|| aca||aabn | a|a d
040 ## - CATALOGING SOURCE
- Original cataloging agency: JO-AjAnu
- Transcribing agency: JO-AjAnu
100 ## - HEADING--PERSONAL NAME
- Personal name: Howard, Keith مؤلف/Sharp, John A م.مشارك
670 ## - SOURCE DATA FOUND
- Source citation: Work cat.: (JO-AjAnu)1730: Howard, Keith مؤلف/Sharp, John A م.مشارك, author, The Management Of a Student Research Project